Financial Statements <A> Step-by-Step Guide to Understanding and Creating Financial Reports
Enregistré dans:
| Auteur principal: | |
|---|---|
| Format: | Livre |
| Langue: | anglais |
| Publié: |
Pompton Plains
Career Press
2009
|
| Édition: | Revised and Expanded Edition |
| Sujets: | |
| Tags: |
Pas de tags, Soyez le premier à ajouter un tag!
|
MARC
| LEADER | 00000nam a2200000 4500 | ||
|---|---|---|---|
| 001 | 0248550 | ||
| 005 | 20240315115300.0 | ||
| 020 | |a 978-1-60163-023-0 | ||
| 041 | 0 | |a eng | |
| 044 | |a US | ||
| 245 | 1 | 0 | |a Financial Statements |b <A> Step-by-Step Guide to Understanding and Creating Financial Reports |c Thomas R. Ittelson |
| 250 | |a Revised and Expanded Edition | ||
| 264 | 1 | |a Pompton Plains |b Career Press |c 2009 | |
| 300 | |a 285 s. | ||
| 610 | 2 | 0 | |a podnik |
| 610 | 2 | 0 | |a výkazy finančné |
| 610 | 2 | 0 | |a výkazy účtovné |
| 610 | 2 | 0 | |a analýza finančná |
| 610 | 2 | 0 | |a správa finančná |
| 610 | 2 | 0 | |a bilancie |
| 610 | 2 | 0 | |a ciele podnikové |
| 610 | 2 | 0 | |a stratégia podniková |
| 610 | 2 | 0 | |a rozhodovanie finančné |
| 610 | 2 | 0 | |a riziko podnikateľské |
| 610 | 2 | 0 | |a investície kapitálové |
| 610 | 2 | 0 | |a knihy účtovné |
| 610 | 2 | 0 | |a závierka účtovná |
| 610 | 2 | 0 | |a správy výročné |
| 100 | 1 | |a Ittelson, Thomas R. | |